zpět

Detail výsledku týmu

Gastro-Bar na Kounicově, Brno

Datum a čas kvízu

28 Celkem bodů Celkový počet nahraných bodů na tomto kvízu bez doplňovacích otázek.
3. Pořadí na kvízu Konečné umístění týmu na tomto kvízu.

Zaznamenané odpovědi

# Otázka Odpověď Body Výsledky
1. Prvním jménem na českém vnitro... Kirill 1
2. Firma Mattel minulý týden před... Downův syndrom 1
3. V pondělí byla odtajněna jména... Josef Maršálek, Eva Adamczyková 1
4. V úterý byl uskutečněn první p... z Japonska 0
5. Která stáj ovládla víkendovou... Red Bull 1
6. Pojďme zavzpomínat na filmy a... Zkrocená hora 0
7. Poslední díl seriálu Přátelé b... Kde? 1
8. Tato smutná scéna z Nekonečnéh... Átrej (Atrey, Atreyu) 1
9. Ze kterého stále ještě vysílan... Doctor Who (Pán času) 0
10. Film Želary se do tohoto témat... Květa Legátová (vl. jm. Věra Hofmanová); Joza (Josef) 0.5